000 00720nam a2200241Ia 4500
003 OSt
005 20220923212720.0
006 a|||||r|||| 00| 0
007 ta
008 220922b |||||||| |||| 00| 0 hin d
024 _a155,550
037 _cTextual
040 _aARTS
_cARTS
_bhin
041 _2hin
_ahin
082 _aO151v, 152K0
100 _aबाहरी, हरदेव
_9156290
245 0 _aप्राकृत और उसका साहित्य
246 _aPrākṛut aur usakā sāhitya
260 _c1960
650 _aसंस्कृत साहित्य
942 _hO151v, 152K0
_cTEXL
_2CC
999 _c311046
_d311046